| 000 | 00526nam a22002171a 4500 | ||
|---|---|---|---|
| 001 | 6260 | ||
| 003 | OSt | ||
| 005 | 20260204212045.0 | ||
| 008 | 060320s1993||||sp ||||||b||||||||||spa|| | ||
| 020 | _a8434812347 | ||
| 050 | _a863.44 A66p | ||
| 100 | _aDel Amo, Montserrat | ||
| 245 | _aLa piedra de toque / Montserrat Del Amo | ||
| 250 | _a9 | ||
| 264 | _aEspaña : Joaquin Turina | ||
| 300 | _a187 p | ||
| 490 | _aColección gran angular | ||
| 500 | _aIncluye indice | ||
| 650 | _aNovela EspañolaÌ | ||
| 942 |
_2ddc _cBK |
||
| 999 |
_c6260 _d6260 |
||